00550nam a2200157Ia 450000500170000000800410001708200130005810000200007124500620009126000420015330000180019550000590021394200060027295200990027899900150037720250318132206.0240331s9999 xx 000 0 und d bKANa894 aKandaswamy K. I 0aMahakavi bharathiyin kannan paddalkalum vilakka uraikalum aChennaibManimegalai Pirasuraamc2005 aXXX, 154 P ., aMahaKavi Bharathiyin Kannan Paadalkalum Vilakkaooraium cL 001040708LaWERCLbWERCLcSSCd2024-03-31l0o 894.811 KANp5509r2024-03-31w2024-03-31yL c4051d4051